00962nkm a2200241 i 45000010005000000030009000050050017000140070006000310080041000371000024000782450079001022600029001813000039002105000035002495110061002845180124003456000024004696000021004936100064005147100022005788520027006008560093006274063ES-MaACL20250713062915.0khrbo070626s1987 sp --- g |001||spa d0 aAlfonso,d1902-199010aJornadas sobre Universidad y disenso [hFotografía] / cAlfonso (sello). a[S.l. : bs.n.], c1987. a2 fot. : bb. y n. ; c12 x 18 cm. aDatos basados en invitación.0 aInterviene: Manuel Ballestero; presenta: Antonio Rivera. aActo organizado por el Ateneo de Madrid, celebrado en el salón de actos el martes, 9 de junio de 1987, a las 19:30 h.14aBallestero, Manuel.14aRibera, Antonio.24aAteneo de Madrid-xActos culturales-y1987-vFotografías.2 aAteneo de Madrid. aES-MaACLjFOT 128/19874 uhttp://www.ateneodemadrid.net/biblioteca_digital/imagenes/1987/0128-1987.jpgzVer imagen